| 000 -LEADER |
| fixed length control field |
01781cam a2200433 a 4500 |
| 001 - CONTROL NUMBER |
| control field |
15098129 |
| 003 - CONTROL NUMBER IDENTIFIER |
| control field |
ASAB |
| 005 - DATE AND TIME OF LATEST TRANSACTION |
| control field |
20180827062751.0 |
| 008 - FIXED-LENGTH DATA ELEMENTS--GENERAL INFORMATION |
| fixed length control field |
071128s2008 nyua b 001 0 eng |
| 010 ## - LIBRARY OF CONGRESS CONTROL NUMBER |
| LC control number |
2007048891 |
| 020 ## - INTERNATIONAL STANDARD BOOK NUMBER |
| International Standard Book Number |
978-084939014-2 |
| 035 ## - SYSTEM CONTROL NUMBER |
| System control number |
(DNLM)101321949 |
| 040 ## - CATALOGING SOURCE |
| Original cataloging agency |
DNLM/DLC |
| Transcribing agency |
ASAB |
| Modifying agency |
DLC |
| 042 ## - AUTHENTICATION CODE |
| Authentication code |
pcc |
| 050 00 - LIBRARY OF CONGRESS CALL NUMBER |
| Classification number |
RS201.T2 |
| Item number |
P46 2008 |
| 060 00 - NATIONAL LIBRARY OF MEDICINE CALL NUMBER |
| Classification number |
QV 787 |
| Item number |
P536 2008 |
| 082 00 - DEWEY DECIMAL CLASSIFICATION NUMBER |
| Classification number |
615/.1901 |
| Edition number |
22 |
| 245 00 - TITLE STATEMENT |
| Title |
Pharmaceutical dosage forms. |
| Name of part/section of a work |
ASABTablets. |
| Remainder of title |
Unit operations and mechanical properties |
| Statement of responsibility, etc. |
edited by Larry L. Augsburger |
| 246 30 - VARYING FORM OF TITLE |
| Title proper/short title |
Tablets |
| 250 ## - EDITION STATEMENT |
| Edition statement |
1st ed. / |
| Remainder of edition statement |
edited by Larry L. Augsburger, Stephen W. Hoag. |
| 260 ## - PUBLICATION, DISTRIBUTION, ETC. |
| Place of publication, distribution, etc. |
New York : |
| Name of publisher, distributor, etc. |
Informa Healthcare USA, |
| Date of publication, distribution, etc. |
c2008. |
| 300 ## - PHYSICAL DESCRIPTION |
| Extent |
1st . : |
| Other physical details |
ill. ; |
| Dimensions |
27 cm. |
| 504 ## - BIBLIOGRAPHY, ETC. NOTE |
| Bibliography, etc. note |
Includes bibliographical references and index. |
| 505 0# - FORMATTED CONTENTS NOTE |
| Formatted contents note |
v. 1. Unit operations and mechanical properties -- v. 2. Rational design and formulation with excipients -- v. 3. Modern manufacture and control. |
| 650 #0 - SUBJECT ADDED ENTRY--TOPICAL TERM |
| Topical term or geographic name entry element |
Tablets (Medicine) |
| 9 (RLIN) |
3041 |
| 650 #0 - SUBJECT ADDED ENTRY--TOPICAL TERM |
| Topical term or geographic name entry element |
Drugs |
| General subdivision |
Dosage forms. |
| 9 (RLIN) |
3042 |
| 650 12 - SUBJECT ADDED ENTRY--TOPICAL TERM |
| Topical term or geographic name entry element |
Tablets |
| General subdivision |
pharmacology. |
| 9 (RLIN) |
3043 |
| 650 22 - SUBJECT ADDED ENTRY--TOPICAL TERM |
| Topical term or geographic name entry element |
Drug Compounding. |
| 9 (RLIN) |
3044 |
| 650 22 - SUBJECT ADDED ENTRY--TOPICAL TERM |
| Topical term or geographic name entry element |
Drug Design. |
| 9 (RLIN) |
3045 |
| 650 22 - SUBJECT ADDED ENTRY--TOPICAL TERM |
| Topical term or geographic name entry element |
Drug Industry |
| General subdivision |
legislation & jurisprudence. |
| 9 (RLIN) |
3046 |
| 650 22 - SUBJECT ADDED ENTRY--TOPICAL TERM |
| Topical term or geographic name entry element |
Quality Control. |
| 9 (RLIN) |
3047 |
| 700 1# - ADDED ENTRY--PERSONAL NAME |
| Personal name |
Augsburger, Larry L. |
| 9 (RLIN) |
3048 |
| 700 1# - ADDED ENTRY--PERSONAL NAME |
| Personal name |
Hoag, Stephen W. |
| 9 (RLIN) |
3049 |
| 856 41 - ELECTRONIC LOCATION AND ACCESS |
| Materials specified |
Table of contents only |
| Uniform Resource Identifier |
<a href="http://www.loc.gov/catdir/toc/ecip085/2007048891.html">http://www.loc.gov/catdir/toc/ecip085/2007048891.html</a> |
| 856 42 - ELECTRONIC LOCATION AND ACCESS |
| Materials specified |
Publisher description |
| Uniform Resource Identifier |
<a href="http://www.loc.gov/catdir/enhancements/fy0806/2007048891-d.html">http://www.loc.gov/catdir/enhancements/fy0806/2007048891-d.html</a> |
| 906 ## - LOCAL DATA ELEMENT F, LDF (RLIN) |
| a |
7 |
| b |
cbc |
| c |
orignew |
| d |
1 |
| e |
ecip |
| f |
20 |
| g |
y-gencatlg |
| 942 ## - ADDED ENTRY ELEMENTS (KOHA) |
| Source of classification or shelving scheme |
|
| Koha item type |
Book |